00602nam a2200205Ia 450000500170000000800410001702000180005804000190007604100120009508200160010710000210012324500560014425000480020026000230024830000290027150400480030065000150034870000220036385000110038520240423095525.0131103s9999 xx 000 0 und d a0 03 910119 3 aLoreto College aEnglish a370.15bAUS aAusubel, David P aSchool LearningcDavid P Ausubel & Floyd G Robinson a an introduction to educational psychology  aLondonbHoltc1969 axiii,691p.b ill., chart aIncludes bibliographical references & index aPsychology aRobinson, Floyd G aLCBED